| 000 | 00825nam a2200217Ia 4500 | ||
|---|---|---|---|
| 003 | GCL | ||
| 008 | 140319s9999 xx 000 0 ara d | ||
| 040 |
_aGCL / _cGCL |
||
| 082 | 0 | 4 |
_a327.620624 _bأ ع |
| 100 | 1 | _aاسامة الغزالى حرب | |
| 245 | 1 | 0 |
_aالعلاقات المصرية السودانية : _bبين الماضى والحاضر والمستقبل / _cاسامة الغزالى حرب |
| 700 | 1 | _aاسامة غيث | |
| 700 | 1 | _aالطيب حاج عطية | |
| 250 | _aالاولى | ||
| 260 |
_aالقاهرة : _bمركز البحوث والدراسات السياسية ، _c1990 |
||
| 300 |
_a697 ص ؛ _c25 سم |
||
| 650 | 0 | 4 | _aالتعاون الدولى |
| 650 | 0 | 4 | _aالعلاقات الخارجية |
| 650 | 0 | 4 | _aالسودان - العلاقات الخارجية |
| 942 |
_2ddc _cBK |
||
| 999 |
_c4655 _d4655 |
||